• 首页
  • 本馆介绍
  • 公告通知
  • 最新文献
  • 馆藏检索
  • 电子资源
  • 读者导购
  • 参考咨询
  • 我的图书馆
  • 登录
  • 详细信息显示
  • 放入我的书架
  • 预约/预借图书
  • 作者相关作品
  • 分类相关作品
  • 丛书相关作品
  • 出版社相关作品

书目信息

  • 表格格式
  • 工作单格式
  • 卡片格式
题名:
JavaScript jQuery交互式Web前端开发
    
 
作者: ;黑马程序员 编著
分册:  
出版信息: 北京   人民邮电出版社  2020
页数: 279页
开本: 26cm
丛书名: 1 X证书制度Web前端开发系列丛书
单 册:
中图分类: TP312.8JA , TP393.092.2
科图分类:
主题词: JAVA语言--网页制作工具
电子资源:
ISBN: 978-7-115-52680-9
000 01150nam0 2200253 450
001 2372895527
005 20231219201522.04
010    @a978-7-115-52680-9@d59.80CNY
100    @a20200523d2020 em y0chiy0120 ea
101 0  @achi
102    @aCN@b110000
105    @ay z 000yy
200 1  @aJavaScript jQuery交互式Web前端开发@AJavaScript jQuery jiao hu shi Web qian duan kai fa@b专著@f黑马程序员编著
210    @a北京@c人民邮电出版社@d2020
215    @a279页@d26cm
225 1  @a1 X证书制度Web前端开发系列丛书
300    @a工业和信息化“十三五”人才培养规划教材
330    @a本书共14章:第1章讲解JavaScript的基本概念;第2、3章讲解JavaScript的基础语法;第4章讲解JavaScript函数的基本使用;第5章讲解JavaScript对象的相关内容;第6-8章讲解DOM、BOM的相关内容;第9章讲解如何用JavaScript开发网页特效;第10、11章讲解jQuery的使用,以及如何利用jQuery开发网页中常见的交互效果;第12、13章讲解JavaScript面向对象编程;第14章讲解正则表达式的使用。
606 0  @aJAVA语言@x网页制作工具
690    @aTP312.8JA@v5
690    @aTP393.092.2@v5
711 02 @a黑马程序员@Ahei ma cheng xu yuan@4编著
801  2 @aCN@b辽宁北配@c20231205
905    @aBZT@dTP312.8JA@e8
    
    JavaScript jQuery交互式Web前端开发/黑马程序员编著.-北京:人民邮电出版社,2020
    279页;26cm.-(1 X证书制度Web前端开发系列丛书)
    工业和信息化“十三五”人才培养规划教材
    
    ISBN 978-7-115-52680-9:59.80CNY
    本书共14章:第1章讲解JavaScript的基本概念;第2、3章讲解JavaScript的基础语法;第4章讲解JavaScript函数的基本使用;第5章讲解JavaScript对象的相关内容;第6-8章讲解DOM、BOM的相关内容;第9章讲解如何用JavaScript开发网页特效;第10、11章讲解jQuery的使用,以及如何利用jQuery开发网页中常见的交互效果;第12、13章讲解JavaScript面向对象编程;第14章讲解正则表达式的使用。
●
相关链接 在五车中查询图书 在当当中查询图书 在豆瓣中查询图书


正题名:JavaScript jQuery交互式Web前端开发     索取号:TP312.8JA/8         预约/预借

序号 登录号 条形码 馆藏地/架位号 状态 备注
1 2001604344   2001604344   辽三/辽宁北配(第三批)/2259/ [索取号:TP312.8JA/8] 在馆    
2 2001604345   2001604345   辽三/辽宁北配(第三批)/2259/ [索取号:TP312.8JA/8] 在馆    
3 2001604346   2001604346   辽三/辽宁北配(第三批)/2259/ [索取号:TP312.8JA/8] 在馆    
4 2001604347   2001604347   辽三/辽宁北配(第三批)/2259/ [索取号:TP312.8JA/8] 在馆    
5 2001604348   2001604348   辽三/辽宁北配(第三批)/2259/ [索取号:TP312.8JA/8] 在馆    
6 2001604349   2001604349   辽三/辽宁北配(第三批)/2259/ [索取号:TP312.8JA/8] 在馆    
7 2001604350   2001604350   辽三/辽宁北配(第三批)/2259/ [索取号:TP312.8JA/8] 在馆    
8 2001604351   2001604351   辽三/辽宁北配(第三批)/2259/ [索取号:TP312.8JA/8] 在馆    
9 2001604352   2001604352   辽三/辽宁北配(第三批)/2259/ [索取号:TP312.8JA/8] 在馆    
10 2001604353   2001604353   辽三/辽宁北配(第三批)/2259/ [索取号:TP312.8JA/8] 在馆    
11 2001604354   2001604354   辽三/辽宁北配(第三批)/2259/ [索取号:TP312.8JA/8] 在馆    
12 2001604355   2001604355   辽三/辽宁北配(第三批)/2259/ [索取号:TP312.8JA/8] 在馆    
13 2001604356   2001604356   辽三/辽宁北配(第三批)/2259/ [索取号:TP312.8JA/8] 在馆    
14 2001604357   2001604357   辽三/辽宁北配(第三批)/2259/ [索取号:TP312.8JA/8] 在馆    
15 2001604358   2001604358   辽三/辽宁北配(第三批)/2259/ [索取号:TP312.8JA/8] 在馆    
16 2001604359   2001604359   辽三/辽宁北配(第三批)/2259/ [索取号:TP312.8JA/8] 在馆    
17 2001604360   2001604360   辽三/辽宁北配(第三批)/2259/ [索取号:TP312.8JA/8] 在馆    
18 2001604361   2001604361   辽三/辽宁北配(第三批)/2259/ [索取号:TP312.8JA/8] 在馆    
19 2001604362   2001604362   辽三/辽宁北配(第三批)/2259/ [索取号:TP312.8JA/8] 在馆    
20 2001604363   2001604363   辽三/辽宁北配(第三批)/2259/ [索取号:TP312.8JA/8] 在馆    
21 2001604364   2001604364   辽三/辽宁北配(第三批)/2259/ [索取号:TP312.8JA/8] 在馆    
22 2001604365   2001604365   辽三/辽宁北配(第三批)/2259/ [索取号:TP312.8JA/8] 在馆    
23 2001604366   2001604366   辽三/辽宁北配(第三批)/2259/ [索取号:TP312.8JA/8] 在馆    
24 2001604367   2001604367   辽三/辽宁北配(第三批)/2259/ [索取号:TP312.8JA/8] 在馆    
25 2001604368   2001604368   辽三/辽宁北配(第三批)/2259/ [索取号:TP312.8JA/8] 在馆    
26 2001604369   2001604369   辽三/辽宁北配(第三批)/2259/ [索取号:TP312.8JA/8] 在馆    
27 2001604370   2001604370   辽三/辽宁北配(第三批)/2259/ [索取号:TP312.8JA/8] 在馆    
28 2001604371   2001604371   辽三/辽宁北配(第三批)/2259/ [索取号:TP312.8JA/8] 在馆    
29 2001604372   2001604372   辽三/辽宁北配(第三批)/2259/ [索取号:TP312.8JA/8] 在馆    
山东省滨州职业学院图书馆 欢迎您!
大连网信软件有限公司© 版权所有